Turbulence in fluids

Αποθηκεύτηκε σε:
Λεπτομέρειες βιβλιογραφικής εγγραφής
Κύριος συγγραφέας: Lesieur, Marcel
Μορφή: Βιβλίο
Γλώσσα:English
Δημοσίευση: Dortrecht : Kluwer Academic, 1997
Έκδοση:3rd ed., rev. and enl.
Σειρά:Fluid mechanics and its applications ; ; 40
Θέματα:
Ετικέτες: Προσθήκη ετικέτας
Δεν υπάρχουν, Καταχωρήστε ετικέτα πρώτοι!

MARC

LEADER 00000nam a2200000 i 4500
001 1/72274
008 990316s1997 eng d
020 |a 0-7923-4415-4 
035 |l 10048525 
040 |a GR-MY-UA  |b gre  |e aacr 
041 0 |a eng 
082 0 |a 532.0527 
100 1 |a Lesieur, Marcel. 
245 1 0 |a Turbulence in fluids /  |c Marcel Lesieur 
250 |a 3rd ed., rev. and enl. 
260 |a Dortrecht :   |b Kluwer Academic,   |c 1997 
300 |a xiv, 515 σ.;  |b εικ. (μερ. έγχρ.);  |c 25 εκ. 
490 1 |a Fluid mechanics and its applications  |v ; 40 
500 |a Third revised and enlarged edition 
504 |a Περιέχει βιβλιογραφικές παραπομπές (σ. 459-496) και ευρετήριο 
650 0 0 |a Fluid mechanics. 
650 0 0 |a Turbulence. 
830 0 |a Fluid mechanics and its applications ;  |v ; 40 
852 |a INST  |b LESVOS  |e 19990316  |h 532.0527 LES  |p 005100017083  |q 005100017083  |t BK  |y 0 
909 |a Λ  |b 061474 
922 |a 1ΕΛΗ  |b 199811  |c ΚΠΣ/ΤΠ  |d ΠΑΠΑΣΩΤΗΡΙΟΥ 
950 |a 107-1998-07-18